[Event "5th Oakham Young Masters"]
[Site "Oakham ENG"]
[Date "1992.03.24"]
[Round "1"]
[White "Ulybin, Mikhail"]
[Black "Har-Zvi, Ronen"]
[Result "0-1"]
[WhiteElo "2585"]
[BlackElo "2350"]
[EventDate "1992.03.24"]
[PlyCount "82"]
[Source "John Saunders"]

1.e4 c5 2.Nf3 d6 3.d4 cxd4 4.Nxd4 Nf6 5.Nc3 a6 6.f4 e6 7.Qf3 Nbd7 8.g4 h6 
9.Be2 Qb6 10.Nb3 Qc7 11.Qg2 Rb8 12.h4 h5 13.g5 Ng4 14.f5 Nde5 15.g6 fxg6 
16.fxe6 Bxe6 17.Nd4 Bf7 18.Nd5 Qc5 19.Nb3 Qc8 20.Nd4 Qc5 21.Nb3 Qc8 22.Bf4
Bxd5 23.exd5 Be7 24.Bxe5 dxe5 25.Bd3 O-O 26.d6 Bxd6 27.Qd5+ Kh7 28.Qxd6 
Rf6 29.Qc5 e4 30.Be2 Rc6 31.Qd4 Rxc2 32.Qxe4 Qc7 33.Rh3 Nf6 34.Qd4 Rd8 35.
Rc3 Qh2 36.Rxc2 Rxd4 37.Nxd4 Qxh4+ 38.Kd1 Qxd4+ 39.Kc1 Ne4 40.a4 Qe3+ 41.
Kb1 Nd2+ 0-1

[Event "5th Oakham Young Masters"]
[Site "Oakham ENG"]
[Date "1992.03.24"]
[Round "1"]
[White "Rublevsky, Sergei"]
[Black "Sjodahl, Pontus"]
[Result "1-0"]
[WhiteElo "2505"]
[BlackElo "2345"]
[EventDate "1992.03.24"]
[PlyCount "45"]
[Source "John Saunders"]

1.e4 e6 2.d4 d5 3.Nd2 c5 4.Ngf3 Nf6 5.exd5 exd5 6.Bb5+ Bd7 7.Bxd7+ Nbxd7 
8.O-O Be7 9.dxc5 Nxc5 10.Nb3 Nce4 11.Nfd4 Qd7 12.f3 Nd6 13.Nc5 Qc7 14.Nd3 
O-O 15.b3 Rfe8 16.Bb2 Nc4 17.Bc1 Bd6 18.bxc4 dxc4 19.Nf2 Bxh2+ 20.Kh1 Nh5 
21.f4 Nxf4 22.Ng4 Nh5 23.Nh6+ 1-0

[Event "5th Oakham Young Masters"]
[Site "Oakham ENG"]
[Date "1992.03.24"]
[Round "1"]
[White "Collinson, Adam"]
[Black "Degraeve, Jean-Marc"]
[Result "1/2-1/2"]
[WhiteElo "2335"]
[BlackElo "2470"]
[EventDate "1992.03.24"]
[PlyCount "63"]
[Source "John Saunders"]

1.e4 c5 2.Nf3 Nc6 3.Bb5 g6 4.O-O Bg7 5.Re1 Nf6 6.c3 O-O 7.d4 d5 8.exd5 
Nxd5 9.dxc5 Bg4 10.h3 Bxf3 11.Qxf3 Rc8 12.Rd1 Qa5 13.Rxd5 Qxb5 14.Na3 Qa6 
15.Qd3 Qxd3 16.Rxd3 Ne5 17.Rd1 Rxc5 18.Be3 Ra5 19.Bd4 Rc8 20.Bxe5 Rxe5 21.
Rd7 Rb8 22.Kf1 Kf8 23.Rad1 Ke8 24.Rc7 a6 25.Nc4 Re6 26.Rdd7 b5 27.Ne3 Rd8 
28.Rxd8+ Kxd8 29.Ra7 Rd6 30.Ke2 f5 31.g3 Re6 32.Kf1 1/2-1/2

[Event "5th Oakham Young Masters"]
[Site "Oakham ENG"]
[Date "1992.03.24"]
[Round "1"]
[White "Svidler, Peter"]
[Black "Prakash, Gurunath B."]
[Result "1/2-1/2"]
[WhiteElo "2465"]
[BlackElo "2335"]
[EventDate "1992.03.24"]
[PlyCount "107"]
[Source "John Saunders"]

1.e4 e5 2.Nf3 Nc6 3.Bc4 Bc5 4.c3 Nf6 5.d3 d6 6.Nbd2 Be6 7.b4 Bb6 8.a4 a6 
9.O-O O-O 10.Bxe6 fxe6 11.Nc4 Ba7 12.b5 Ne7 13.b6 Bxb6 14.Nxb6 cxb6 15.Qb3
Qd7 16.Ng5 d5 17.Ba3 Rfc8 18.f4 exf4 19.e5 Ng4 20.Rae1 Ng6 21.Qd1 N4xe5 
22.Qh5 h6 23.Nh3 Nxd3 24.Qxg6 Nxe1 25.Nxf4 Qe8 26.Qg3 Nc2 27.Bd6 Rd8 28.
Ng6 Rxd6 29.Rf8+ Qxf8 30.Nxf8 Rad8 31.Ng6 d4 32.Nf4 Ne3 33.cxd4 Nf5 34.Qf3
Rxd4 35.h3 R4d6 36.Nxe6 Rxe6 37.Qxf5 Red6 38.Qe4 R8d7 39.Kh2 g6 40.Qe8+ 
Kh7 41.Qe5 Rd5 42.Qe6 b5 43.axb5 axb5 44.Qb6 h5 45.Kg1 Rf5 46.Kh2 h4 47.
Qe6 Rfd5 48.Qb6 Re5 49.Qa5 Rf5 50.Qb4 g5 51.Qe4 Rf7 52.Qe6 b4 53.Qe4 b3 
54.Qb1 1/2-1/2

[Event "5th Oakham Young Masters"]
[Site "Oakham ENG"]
[Date "1992.03.24"]
[Round "1"]
[White "Gokhale, Jayant Suresh"]
[Black "Alexandrov, Alexei"]
[Result "0-1"]
[WhiteElo "2325"]
[BlackElo "2460"]
[EventDate "1992.03.24"]
[PlyCount "64"]
[Source "John Saunders"]

1.d4 Nf6 2.c4 e6 3.Nc3 Bb4 4.e3 O-O 5.Bd3 c5 6.Ne2 cxd4 7.exd4 d5 8.cxd5 
Nxd5 9.O-O Re8 10.a3 Bf8 11.Nxd5 Qxd5 12.Nc3 Qd8 13.Bf4 a6 14.Rc1 Bd6 15.
Bxd6 Qxd6 16.Ne4 Qd8 17.Rxc8 Qxc8 18.Nd6 Qd7 19.Nxe8 Qxe8 20.Qc2 g6 21.Qc7
Nc6 22.Qxb7 Nxd4 23.Qb6 e5 24.b4 Qc8 25.Qf6 a5 26.b5 Qc5 27.a4 Re8 28.Be4 
Qc4 29.Bc6 Re6 30.Qd8+ Kg7 31.Bd5 Ne2+ 32.Kh1 Qd3 0-1

[Event "5th Oakham Young Masters"]
[Site "Oakham ENG"]
[Date "1992.03.24"]
[Round "1"]
[White "Mueller, Karsten"]
[Black "Cullip, Stephen"]
[Result "1-0"]
[WhiteElo "2460"]
[BlackElo "2320"]
[EventDate "1992.03.24"]
[PlyCount "51"]
[Source "John Saunders"]

1.e4 c5 2.Nf3 e6 3.d4 cxd4 4.Nxd4 d6 5.Nc3 Be7 6.Bc4 Nf6 7.O-O O-O 8.Bb3 
Nc6 9.Be3 Nxd4 10.Bxd4 b5 11.Nxb5 Nxe4 12.c4 a6 13.Bc2 Bb7 14.Nc3 Nxc3 15.
Bxc3 d5 16.Qg4 g6 17.Qd4 f6 18.Qe3 Qc8 19.Rfe1 e5 20.cxd5 Bxd5 21.Rad1 Bc5
22.Qg3 Bf7 23.Rxe5 Bxf2+ 24.Kxf2 fxe5 25.Qxe5 Bc4+ 26.Kg1 1-0

[Event "5th Oakham Young Masters"]
[Site "Oakham ENG"]
[Date "1992.03.24"]
[Round "1"]
[White "Livshits, Ron"]
[Black "Gdanski, Jacek"]
[Result "1/2-1/2"]
[WhiteElo "2310"]
[BlackElo "2435"]
[EventDate "1992.03.24"]
[PlyCount "92"]
[Source "John Saunders"]

1.d4 Nf6 2.c4 c5 3.d5 g6 4.Nc3 d6 5.g3 Bg7 6.Bg2 O-O 7.Nf3 Na6 8.O-O Nc7 
9.e4 Bg4 10.h3 Bxf3 11.Qxf3 Rb8 12.Qe2 e6 13.dxe6 Nxe6 14.Be3 Nd4 15.Qd2 
Re8 16.Rfe1 Nd7 17.f4 Qa5 18.Rad1 Nb6 19.Qd3 Qb4 20.b3 Nxb3 21.Nb5 Na5 22.
Nxd6 Red8 23.a3 Qc3 24.e5 Qxd3 25.Rxd3 Naxc4 26.Bxc5 Bf8 27.Rdd1 Rd7 28.
Ne4 Bxc5+ 29.Nxc5 Rc7 30.Ne4 Nxa3 31.Rd3 Nac4 32.Red1 Kf8 33.Rd8+ Rxd8 34.
Rxd8+ Ke7 35.Ra8 Nc8 36.Nf6 Kd8 37.Nxh7 b5 38.e6 fxe6 39.Nf8 Ke7 40.Nxg6+ 
Kd6 41.h4 N8b6 42.Rb8 a5 43.Bb7 Nd7 44.Rc8 Rxb7 45.h5 b4 46.h6 b3 1/2-1/2

[Event "5th Oakham Young Masters"]
[Site "Oakham ENG"]
[Date "1992.03.24"]
[Round "1"]
[White "Grigore, George-Gabriel"]
[Black "Hassabis, Demis"]
[Result "1/2-1/2"]
[WhiteElo "2430"]
[BlackElo "2290"]
[EventDate "1992.03.24"]
[PlyCount "74"]
[Source "John Saunders"]

1.d4 f5 2.g3 Nf6 3.Nf3 g6 4.Bg2 Bg7 5.c4 O-O 6.O-O d6 7.Nc3 Qe8 8.d5 a5 9.
Be3 h6 10.Qd2 Kh7 11.Bd4 e5 12.dxe6 Bxe6 13.Nd5 Bxd5 14.cxd5 Ne4 15.Qc2 
Na6 16.Rac1 Qf7 17.Bxg7 Qxg7 18.Rfd1 Rfe8 19.Nd4 Nac5 20.b3 Re5 21.Nf3 Re7
22.a3 a4 23.b4 Nb3 24.Rb1 Nc3 25.e3 Nxb1 26.Qxb1 Qc3 27.h4 Rf8 28.h5 g5 
29.Bf1 Kh8 30.Bb5 f4 31.gxf4 gxf4 32.Nh4 Rg7+ 33.Ng6+ Kg8 34.Qe4 fxe3 35.
Qe6+ Kh7 36.Kh1 Rf6 37.Qe8 Rg8 1/2-1/2

[Event "5th Oakham Young Masters"]
[Site "Oakham ENG"]
[Date "1992.03.24"]
[Round "1"]
[White "Waitzkin, Joshua"]
[Black "Jirovsky, Milos"]
[Result "0-1"]
[WhiteElo "2290"]
[BlackElo "2425"]
[EventDate "1992.03.24"]
[PlyCount "54"]
[Source "John Saunders"]

1.e4 c5 2.Nf3 d6 3.d4 cxd4 4.Nxd4 Nf6 5.Nc3 g6 6.Be3 Nc6 7.f3 Bg7 8.Qd2 
O-O 9.g4 Nxd4 10.Bxd4 Be6 11.O-O-O Qa5 12.a3 Rfc8 13.h4 Rab8 14.h5 b5 15.
hxg6 fxg6 16.g5 Nh5 17.Rxh5 gxh5 18.Bxg7 Kxg7 19.Qd4+ Kf7 20.Nd5 Qa4 21.
Qd2 b4 22.Qh2 bxa3 23.Qxh5+ Kf8 24.Bd3 Rxb2 25.Qh6+ Ke8 26.Kd2 Bxd5 27.
exd5 Qf4+ 0-1

[Event "5th Oakham Young Masters"]
[Site "Oakham ENG"]
[Date "1992.03.24"]
[Round "1"]
[White "Reinderman, Dimitri"]
[Black "Hsu Li Yang"]
[Result "1/2-1/2"]
[WhiteElo "2420"]
[BlackElo "2290"]
[EventDate "1992.03.24"]
[PlyCount "56"]
[Source "John Saunders"]

1.f4 d5 2.Nf3 Nf6 3.g3 g6 4.Bg2 Bg7 5.O-O O-O 6.d3 c5 7.Qe1 Nc6 8.h3 b6 9.
e4 dxe4 10.dxe4 e5 11.Rf2 Bb7 12.f5 gxf5 13.exf5 Nd4 14.Ng5 Bxg2 15.Kxg2 
e4 16.c3 e3 17.Bxe3 Qd5+ 18.Kh2 Nxf5 19.Rd2 Qc6 20.Qf2 Nxe3 21.Qxe3 Rae8 
22.Qf3 Qxf3 23.Nxf3 Re3 24.Kg2 Ne4 25.Rc2 Rd8 26.Na3 Rdd3 27.Rf1 Ng5 28.
Rcf2 Ne4 1/2-1/2

[Event "5th Oakham Young Masters"]
[Site "Oakham ENG"]
[Date "1992.03.24"]
[Round "1"]
[White "Nielsen, Peter Heine"]
[Black "Relange, Eloi"]
[Result "1-0"]
[WhiteElo "2420"]
[BlackElo "2275"]
[EventDate "1992.03.24"]
[PlyCount "97"]
[Source "John Saunders"]

1.e4 e6 2.d4 d5 3.exd5 exd5 4.Nf3 Bg4 5.h3 Bh5 6.Qe2+ Qe7 7.Be3 Nc6 8.Nc3 
O-O-O 9.O-O-O Nf6 10.g4 Bg6 11.Ne5 Nxe5 12.dxe5 Ne4 13.Nxe4 dxe4 14.Rxd8+ 
Kxd8 15.Qb5 c6 16.Qa4 Qb4 17.Qxb4 Bxb4 18.Bxa7 Re8 19.Bd4 c5 20.Be3 Rxe5 
21.Bb5 Rd5 22.Bc4 Rd4 23.Bb3 Ba5 24.c3 Rd7 25.Bxc5 Bc7 26.Be3 f6 27.Ba4 
Rd6 28.Re1 f5 29.Bc2 Re6 30.gxf5 Bxf5 31.f3 Kc8 32.fxe4 Bxh3 33.Rh1 Bg2 
34.Rxh7 Bxe4 35.Bxe4 Rxe4 36.Kd2 Rg4 37.Kd3 Rg2 38.b4 Be5 39.Rh5 Bf6 40.a4
Rg3 41.a5 g5 42.c4 Be7 43.c5 Bf6 44.b5 Be7 45.Ke4 Rg4+ 46.Kd5 Rh4 47.Rxh4 
gxh4 48.Bf4 b6 49.a6 1-0

[Event "5th Oakham Young Masters"]
[Site "Oakham ENG"]
[Date "1992.03.24"]
[Round "1"]
[White "Topakian, Raffi"]
[Black "Hauchard, Arnaud"]
[Result "1/2-1/2"]
[WhiteElo "2255"]
[BlackElo "2420"]
[EventDate "1992.03.24"]
[PlyCount "123"]
[Source "John Saunders"]

1.Nf3 Nf6 2.d4 g6 3.g3 c5 4.dxc5 Qa5+ 5.Nbd2 Qxc5 6.Bg2 Bg7 7.O-O Nc6 8.e4
d6 9.c3 O-O 10.h3 Bd7 11.a4 Qh5 12.g4 Qa5 13.Re1 Qc7 14.Nc4 Be6 15.Na3 
Rad8 16.Nb5 Qb8 17.Bf4 Ne5 18.Nbd4 Bc8 19.Bg5 a6 20.Qe2 Qc7 21.Nd2 Rfe8 
22.f4 Nc6 23.Nxc6 bxc6 24.Qf2 a5 25.Nb3 Nd7 26.Bf1 Bb7 27.Bh4 Rb8 28.Qa7 
Nb6 29.Qxa5 Ra8 30.Qb4 c5 31.Qb5 Bc6 32.Qe2 Nxa4 33.Qc2 Reb8 34.Ra2 Rb7 
35.Nc1 Rba7 36.Nd3 Nb6 37.Rxa7 Rxa7 38.e5 Nc8 39.f5 dxe5 40.Nxc5 Nb6 41.
Bg3 Nd7 42.Nd3 Ba8 43.Bg2 Bxg2 44.Qxg2 Qd6 45.Qe2 Rb7 46.Nf2 gxf5 47.gxf5 
Qf6 48.Qd3 e6 49.Ng4 Qxf5 50.Qxf5 exf5 51.Nxe5 Nxe5 52.Bxe5 Rxb2 53.Bxg7 
Kxg7 54.Rc1 Kf6 55.c4 Rb8 56.Kf2 Ke5 57.c5 Kd5 58.Kf3 Rb3+ 59.Kf4 Kc6 60.
Kxf5 Rxh3 61.Rf1 Kxc5 62.Kg4 1/2-1/2

[Event "5th Oakham Young Masters"]
[Site "Oakham ENG"]
[Date "1992.03.24"]
[Round "1"]
[White "Turner, Matthew"]
[Black "Djurhuus, Rune"]
[Result "0-1"]
[WhiteElo "2250"]
[BlackElo "2420"]
[EventDate "1992.03.24"]
[PlyCount "80"]
[Source "John Saunders"]

1.e4 e5 2.Nf3 Nc6 3.Bb5 a6 4.Ba4 Nf6 5.O-O Be7 6.Bxc6 dxc6 7.d3 Nd7 8.Nbd2
O-O 9.Nc4 f6 10.Nh4 Re8 11.Nf5 Bf8 12.f4 exf4 13.Bxf4 Nc5 14.Be3 Be6 15.
Na5 Rb8 16.Qf3 Qd7 17.Nb3 Na4 18.Rab1 c5 19.Qg3 Kh8 20.Qh4 b5 21.Rf3 Bg8 
22.Rg3 Re5 23.Rf1 Rbe8 24.Rg4 Be6 25.Bf4 Bxf5 26.exf5 Rxf5 27.Qh3 Nxb2 28.
Nd2 g5 29.Be3 Rxe3 30.Qxe3 Rxf1+ 31.Nxf1 Qxg4 32.Qe8 Kg8 33.Ne3 Qd4 34.
Qe6+ Kh8 35.Qe8 Kg7 36.Kh1 Qe5 37.Qd7+ Kg6 38.Nf1 Bd6 39.Qd8 Kg7 40.g3 Nd1
0-1

[Event "5th Oakham Young Masters"]
[Site "Oakham ENG"]
[Date "1992.03.24"]
[Round "1"]
[White "Polak, Tomas"]
[Black "Le Quang Kim"]
[Result "1-0"]
[WhiteElo "2410"]
[BlackElo "2250"]
[EventDate "1992.03.24"]
[PlyCount "83"]
[Source "John Saunders"]

1.e4 c5 2.Nf3 d6 3.c3 Nf6 4.h3 g6 5.Bd3 Bg7 6.Bc2 O-O 7.d4 Nbd7 8.O-O e5 
9.dxe5 dxe5 10.a4 Qe7 11.Na3 Rd8 12.Qe2 Nf8 13.Bb3 h6 14.Re1 b6 15.a5 Bb7 
16.Qc2 N8d7 17.Bc4 bxa5 18.Bf1 Nb6 19.Nc4 Nxc4 20.Bxc4 Qc7 21.Nd2 Rab8 22.
f3 Bc6 23.b3 Ne8 24.Nf1 Nd6 25.Ne3 Nxc4 26.Nxc4 Rb5 27.Be3 Rdb8 28.Ra3 Bd7
29.Rea1 Be6 30.Nxa5 Bf8 31.Nc4 Bxc4 32.bxc4 R5b7 33.Ra6 Rd8 34.Rd1 Qe7 35.
Rd5 Rxd5 36.cxd5 c4 37.Qa2 Qc7 38.Rc6 Qd7 39.Qxc4 Bd6 40.Bxh6 Rb1+ 41.Kh2 
f5 42.Qa6 1-0

[Event "5th Oakham Young Masters"]
[Site "Oakham ENG"]
[Date "1992.03.24"]
[Round "1"]
[White "Hennigan, Michael"]
[Black "Piper, Matthew"]
[Result "1-0"]
[WhiteElo "2375"]
[BlackElo "2275"]
[EventDate "1992.03.24"]
[PlyCount "69"]
[Source "John Saunders"]

1.e4 e5 2.Nf3 Nc6 3.Bb5 a6 4.Ba4 Nf6 5.O-O Be7 6.Re1 b5 7.Bb3 d6 8.c3 O-O 
9.d3 h6 10.Nbd2 Na5 11.Bc2 c5 12.Nf1 Re8 13.h3 Bf8 14.Ne3 Bb7 15.Nh2 d5 
16.Nhg4 dxe4 17.Nxf6+ Qxf6 18.dxe4 Qe6 19.Qf3 Rad8 20.Rd1 Rxd1+ 21.Qxd1 
Bc6 22.b3 Nb7 23.Nd5 Rd8 24.c4 Nd6 25.Qd3 Ne8 26.Bb2 Rd7 27.Qg3 f6 28.Rf1 
bxc4 29.bxc4 Rb7 30.Bc3 Nd6 31.f4 exf4 32.Rxf4 Kh8 33.e5 Nxc4 34.Qg6 Qg8 
35.exf6 1-0

[Event "5th Oakham Young Masters"]
[Site "Oakham ENG"]
[Date "1992.03.24"]
[Round "1"]
[White "Khurtsidze, Nino"]
[Black "Chabanon, Jean-Luc"]
[Result "1-0"]
[WhiteElo "2220"]
[BlackElo "2410"]
[EventDate "1992.03.24"]
[PlyCount "81"]
[Source "John Saunders"]

1.Nf3 Nf6 2.d4 d5 3.g3 c6 4.Bg2 Bf5 5.O-O e6 6.c4 Nbd7 7.Nc3 Bd6 8.Nh4 Bg4
9.f3 Bh5 10.Qe1 dxc4 11.e4 Be7 12.Kh1 O-O 13.f4 c5 14.d5 exd5 15.e5 d4 16.
exf6 Nxf6 17.Ne4 Re8 18.Nf3 Nd5 19.Ne5 f6 20.Nxc4 b5 21.Ned6 Bxd6 22.Bxd5+
Kf8 23.Qf2 Re2 24.Qg1 Bc7 25.Ne3 dxe3 26.Bg2 Rc8 27.Bxe3 Bb6 28.Rad1 Qe7 
29.Bf2 Rxf2 30.Qxf2 Bxd1 31.Rxd1 Rd8 32.Re1 c4 33.Qf1 Qc5 34.Qe2 g6 35.Qe4
Qd6 36.a4 bxa4 37.Qxc4 a3 38.bxa3 Qxa3 39.f5 Qd6 40.fxg6 hxg6 41.Qg4 {
Black lost on time} 1-0

[Event "5th Oakham Young Masters"]
[Site "Oakham ENG"]
[Date "1992.03.24"]
[Round "1"]
[White "Galliamova, Alisa"]
[Black "Martinidesz, Denes"]
[Result "1-0"]
[WhiteElo "2410"]
[BlackElo "2215"]
[EventDate "1992.03.24"]
[PlyCount "101"]
[Source "John Saunders"]

1.d4 Nf6 2.c4 c5 3.Nf3 e6 4.Nc3 cxd4 5.Nxd4 a6 6.g3 Be7 7.Bg2 O-O 8.O-O 
Nc6 9.b3 Qc7 10.Bb2 b6 11.Rc1 Bb7 12.Nd5 exd5 13.cxd5 Nxd5 14.Bxd5 Bf6 15.
Nxc6 dxc6 16.Bxf6 gxf6 17.Qd4 Rad8 18.Qg4+ Kh8 19.Bf3 Qe5 20.Qh4 f5 21.
Bxc6 Bc8 22.Rfd1 Qb2 23.Bf3 Be6 24.Rxd8 Qxc1+ 25.Kg2 Qa3 26.Rxf8+ Qxf8 27.
Qd4+ Kg8 28.Qxb6 Qa3 29.Qd8+ Kg7 30.Qd2 a5 31.Bc6 Qc5 32.Qb2+ Kg8 33.Bf3 
Qb4 34.Qc1 Kg7 35.Qg5+ Kf8 36.h4 Qd4 37.h5 f6 38.Qc1 Qe5 39.h6 Kf7 40.Bh5+
Ke7 41.Qa3+ Kd7 42.Qa4+ Kd6 43.Bf3 Ke7 44.b4 f4 45.Qxa5 fxg3 46.Qxe5 fxe5 
47.a4 gxf2 48.Kxf2 Bb3 49.a5 Bc4 50.Be4 Kf6 51.Bxh7 1-0

[Event "5th Oakham Young Masters"]
[Site "Oakham ENG"]
[Date "1992.03.24"]
[Round "1"]
[White "Ong Chong Ghee"]
[Black "Moutousis, Konstantinos"]
[Result "0-1"]
[WhiteElo "2205"]
[BlackElo "2405"]
[EventDate "1992.03.24"]
[PlyCount "50"]
[Source "John Saunders"]

1.e4 e5 2.f4 d5 3.exd5 c6 4.Nc3 exf4 5.Nf3 Bd6 6.d4 Ne7 7.dxc6 Nbxc6 8.Bc4
O-O 9.O-O Bg4 10.Ne4 Bc7 11.c3 Rc8 12.Qd3 Ng6 13.Bd2 Bb8 14.a3 a6 15.Ba2 
Nce5 16.Qe2 Nxf3+ 17.gxf3 Bh3 18.Rfe1 Nh4 19.Qd3 Kh8 20.Re2 f5 21.Ng3 fxg3
22.hxg3 Bxg3 23.f4 Rc6 24.Re3 Bxf4 25.Rxh3 Qg5+ 0-1

[Event "5th Oakham Young Masters"]
[Site "Oakham ENG"]
[Date "1992.03.24"]
[Round "1"]
[White "Borriss, Martin"]
[Black "Buckley, Graeme"]
[Result "1-0"]
[WhiteElo "2395"]
[BlackElo "2205"]
[EventDate "1992.03.24"]
[PlyCount "59"]
[Source "John Saunders"]

1.e4 c5 2.Nf3 d6 3.d4 cxd4 4.Nxd4 Nf6 5.Nc3 e6 6.g4 a6 7.g5 Nfd7 8.Be3 Nc6
9.h4 Be7 10.Qe2 Nxd4 11.Bxd4 O-O 12.O-O-O b5 13.f4 b4 14.Na4 Bb7 15.b3 Qc7
16.g6 e5 17.fxe5 dxe5 18.Bb2 Bc6 19.gxf7+ Kh8 20.Qc4 Qb7 21.Qe6 Bf6 22.Bc4
Bxa4 23.Bd5 Qc7 24.Bxa8 Rc8 25.Rh2 Nc5 26.Qd6 Qxd6 27.Rxd6 Rxa8 28.bxa4 
Nxa4 29.Rxa6 Rd8 30.Rxa4 1-0

[Event "5th Oakham Young Masters"]
[Site "Oakham ENG"]
[Date "1992.03.24"]
[Round "1"]
[White "Beckett, Roger"]
[Black "Bus, Mariusz"]
[Result "1/2-1/2"]
[WhiteElo "2205"]
[BlackElo "2390"]
[EventDate "1992.03.24"]
[PlyCount "133"]
[Source "John Saunders"]

1.e4 e6 2.d4 d5 3.e5 c5 4.c3 Nc6 5.Nf3 Qb6 6.a3 Bd7 7.Be2 Nh6 8.b4 cxd4 9.
cxd4 Nf5 10.Bb2 Be7 11.O-O f6 12.Bd3 fxe5 13.Bxf5 exf5 14.dxe5 Be6 15.Nd4 
Nxd4 16.Bxd4 Qa6 17.Nc3 O-O 18.Ne2 Rfc8 19.Nf4 Qc6 20.Rc1 Qd7 21.Rxc8+ 
Qxc8 22.Qf3 Bg5 23.Nxe6 Qxe6 24.Rd1 a5 25.Bc5 Qxe5 26.h4 Bxh4 27.Rxd5 Qe4 
28.Rxf5 Qxf3 29.Rxf3 axb4 30.Bxb4 Bf6 31.Rd3 Rd8 32.Rxd8+ Bxd8 33.g4 Kf7 
34.Kg2 Ke6 35.f4 g6 36.Kf3 Kd5 37.f5 gxf5 38.gxf5 h5 39.Kf4 Bf6 40.Bf8 b5 
41.Bb4 Kc4 42.Bd6 Kd4 43.Bb4 Kd3 44.Bd6 h4 45.Kg4 Ke4 46.Bb4 Bd8 47.Bc5 
Bf6 48.Bb4 Be5 49.Be7 h3 50.Kxh3 Kxf5 51.Kg2 Ke6 52.Bb4 Bd6 53.Ba5 Bxa3 
54.Kf3 Kd5 55.Ke2 Kc4 56.Kd1 Kb3 57.Ke2 Kc2 58.Ke3 Bb2 59.Bb4 Bc3 60.Be7 
Bd2+ 61.Kd4 Kb3 62.Kc5 Ka4 63.Kc6 Bb4 64.Bg5 Ba3 65.Bd2 Be7 66.Kb7 Kb3 67.
Kc6 1/2-1/2

[Event "5th Oakham Young Masters"]
[Site "Oakham ENG"]
[Date "1992.03.25"]
[Round "2"]
[White "Akopian, Vladimir"]
[Black "Collinson, Adam"]
[Result "1/2-1/2"]
[WhiteElo "2605"]
[BlackElo "2335"]
[EventDate "1992.03.24"]
[PlyCount "90"]
[Source "John Saunders"]

1.e4 c5 2.Nf3 d6 3.d4 cxd4 4.Nxd4 Nf6 5.Nc3 a6 6.Bg5 e6 7.f4 Qb6 8.Nb3 Be7
9.Qf3 Nbd7 10.O-O-O Qc7 11.g4 b5 12.Bxf6 Nxf6 13.g5 Nd7 14.a3 Rb8 15.h4 b4
16.axb4 Rxb4 17.Rd4 Rxd4 18.Nxd4 Qb6 19.Nb3 Bb7 20.h5 Nc5 21.Bc4 Nxe4 22.
Nxe4 d5 23.Bd3 dxe4 24.Bxe4 Bxe4 25.Qxe4 O-O 26.Kb1 Rd8 27.g6 f5 28.Qc4 
Qe3 29.Qc7 Qe4 30.Rg1 Bf6 31.gxh7+ Kxh7 32.h6 Kxh6 33.Qf7 Kh7 34.Nc5 Qf3 
35.Nd7 Bd4 36.Re1 Bxb2 37.Kxb2 Qb7+ 38.Kc1 Rxd7 39.Qh5+ Kg8 40.Qe8+ Kh7 
41.Qh5+ Kg8 42.Rh1 Rd8 43.Qh7+ Kf8 44.Qh8+ Kf7 45.Qh5+ Kg8 1/2-1/2

[Event "5th Oakham Young Masters"]
[Site "Oakham ENG"]
[Date "1992.03.25"]
[Round "2"]
[White "Moutousis, Konstantinos"]
[Black "Rublevsky, Sergei"]
[Result "0-1"]
[WhiteElo "2405"]
[BlackElo "2505"]
[EventDate "1992.03.24"]
[PlyCount "64"]
[Source "John Saunders"]

1.d4 d5 2.Nf3 Nf6 3.Bg5 Ne4 4.h4 c5 5.e3 Qb6 6.Qc1 Nc6 7.c3 Bf5 8.Nbd2 e6 
9.Bf4 Rc8 10.Be2 h6 11.Kf1 cxd4 12.exd4 Be7 13.Be3 Qd8 14.Nb3 Bg4 15.Bd3 
f5 16.Bf4 O-O 17.Qe3 Qe8 18.Bb5 Qh5 19.Bxc6 bxc6 20.Rh2 Bxf3 21.gxf3 Nf6 
22.Kg1 Qf7 23.Kh1 Kh7 24.Rg1 Nd7 25.Nc1 c5 26.h5 cxd4 27.cxd4 Bf6 28.Rg6 
e5 29.dxe5 Nxe5 30.Rhg2 Qe8 31.Bxe5 Qxe5 32.Qxe5 Rxc1+ 0-1

[Event "5th Oakham Young Masters"]
[Site "Oakham ENG"]
[Date "1992.03.25"]
[Round "2"]
[White "Cullip, Stephen"]
[Black "Ulybin, Mikhail"]
[Result "0-1"]
[WhiteElo "2320"]
[BlackElo "2585"]
[EventDate "1992.03.24"]
[PlyCount "69"]
[Source "John Saunders"]

1.e4 e6 2.d4 d5 3.Nd2 Nf6 4.e5 Nfd7 5.c4 c5 6.cxd5 exd5 7.Ngf3 Nc6 8.Bd3 
Be7 9.O-O O-O 10.Re1 Re8 11.a3 a5 12.Bb1 Qb6 13.Nf1 cxd4 14.Ng3 Nf8 15.Nf5
Bxf5 16.Bxf5 Bc5 17.Re2 a4 18.Bc2 Qa7 19.Bf4 b5 20.Qd3 b4 21.Qb5 Ne6 22.
Bd2 b3 23.Bf5 Qa6 24.Bd3 Qxb5 25.Bxb5 Rec8 26.Rc1 h6 27.Ne1 d3 28.Bxd3 Bd4
29.Bb5 Bxb2 30.Rxc6 Nd4 31.Rxc8+ Rxc8 32.Ba6 Nxe2+ 33.Bxe2 Bxa3 34.Bd3 Bc1
35.Bxc1 0-1

[Event "5th Oakham Young Masters"]
[Site "Oakham ENG"]
[Date "1992.03.25"]
[Round "2"]
[White "Hsu Li Yang"]
[Black "Grigore, George-Gabriel"]
[Result "1/2-1/2"]
[WhiteElo "2290"]
[BlackElo "2430"]
[EventDate "1992.03.24"]
[PlyCount "87"]
[Source "John Saunders"]

1.d4 Nf6 2.Nf3 g6 3.c4 Bg7 4.g3 O-O 5.Bg2 d6 6.O-O Nbd7 7.Qc2 e5 8.Rd1 Re8
9.dxe5 dxe5 10.e4 Qe7 11.b3 Nc5 12.Nc3 c6 13.Ba3 Nfd7 14.Na4 b6 15.Bh3 Qf6
16.Nxc5 Nxc5 17.Bxc8 Qxf3 18.Bd7 Nxd7 19.Rxd7 h5 20.Rad1 h4 21.Qd3 Qh5 22.
Be7 h3 23.f3 Bf8 24.g4 Qh6 25.Bxf8 Rxf8 26.Qd2 Qh4 27.Qf2 Qg5 28.Qd2 Qf6 
29.Kf2 Qh4+ 30.Ke2 Rfe8 31.Qe1 Qg5 32.Qg3 Kg7 33.R1d6 Re7 34.Qxh3 Rxd7 35.
Rxd7 Rd8 36.Rxd8 Qxd8 37.Qf1 Qd4 38.Qd1 Qb2+ 39.Qd2 Qb1 40.h4 Qg1 41.Qe1 
Qd4 42.Qf2 Qa1 43.Kd3 a5 44.h5 1/2-1/2

[Event "5th Oakham Young Masters"]
[Site "Oakham ENG"]
[Date "1992.03.25"]
[Round "2"]
[White "Bus, Mariusz"]
[Black "Livshits, Ron"]
[Result "1-0"]
[WhiteElo "2390"]
[BlackElo "2310"]
[EventDate "1992.03.24"]
[PlyCount "59"]
[Source "John Saunders"]

1.e4 c5 2.Nf3 e6 3.b3 Nc6 4.Bb2 d5 5.exd5 exd5 6.d4 Nf6 7.Be2 Bd6 8.O-O 
O-O 9.Nc3 a6 10.dxc5 Bxc5 11.Na4 Ba7 12.Nd4 Bd7 13.Nxc6 Bxc6 14.Bd4 Re8 
15.Bxa7 Rxa7 16.Qd4 Rxe2 17.Qxa7 d4 18.Rfe1 Qd5 19.Qb8+ Ne8 20.Qg3 Rxc2 
21.Re5 Qd7 22.Qd3 Qc7 23.Qxd4 h5 24.h3 Nd6 25.Rae1 Rxa2 26.Nc3 Rc2 27.Rxh5
Bxg2 28.Qh4 f6 29.Rh8+ Kf7 30.Qh5+ 1-0

[Event "5th Oakham Young Masters"]
[Site "Oakham ENG"]
[Date "1992.03.25"]
[Round "2"]
[White "Chabanon, Jean-Luc"]
[Black "Waitzkin, Joshua"]
[Result "1/2-1/2"]
[WhiteElo "2410"]
[BlackElo "2290"]
[EventDate "1992.03.24"]
[PlyCount "67"]
[Source "John Saunders"]

1.d4 Nf6 2.c4 c5 3.d5 b5 4.cxb5 a6 5.b6 e6 6.Nc3 exd5 7.Nxd5 Nxd5 8.Qxd5 
Nc6 9.e4 Be7 10.Bc4 O-O 11.Nf3 Qxb6 12.O-O d6 13.Qh5 Be6 14.Bxe6 fxe6 15.
Qg4 Rf6 16.Bg5 Rg6 17.h4 Ne5 18.Nxe5 dxe5 19.f4 c4+ 20.Kh1 exf4 21.Qxf4 
Rf8 22.Qd2 Rxf1+ 23.Rxf1 Bxg5 24.hxg5 h6 25.Qf2 Qxf2 26.Rxf2 Rxg5 27.Rc2 
Rc5 28.Kg1 Kf7 29.Kf2 Kf6 30.Ke3 Ke5 31.b3 c3 32.Kd3 h5 33.b4 Rc8 34.Rxc3 
1/2-1/2

[Event "5th Oakham Young Masters"]
[Site "Oakham ENG"]
[Date "1992.03.25"]
[Round "2"]
[White "Piper, Matthew"]
[Black "Reinderman, Dimitri"]
[Result "0-1"]
[WhiteElo "2275"]
[BlackElo "2420"]
[EventDate "1992.03.24"]
[PlyCount "82"]
[Source "John Saunders"]

1.e4 c5 2.Nf3 Nc6 3.d4 cxd4 4.Nxd4 Nf6 5.Nc3 e5 6.Ndb5 d6 7.Nd5 Nxd5 8.
exd5 Ne7 9.c4 Ng6 10.Be2 Be7 11.O-O O-O 12.b4 a6 13.Nc3 a5 14.Bd2 axb4 15.
Nb5 Bd7 16.Bxb4 Bxb5 17.cxb5 f5 18.a4 b6 19.Rc1 e4 20.f4 exf3 21.Rxf3 Bf6 
22.Bd3 Be5 23.Rc4 Ne7 24.Qb3 Kh8 25.Rh4 Ng6 26.Rh5 Nf4 27.Rxf5 Rxf5 28.
Bxf5 Ne2+ 29.Kf1 Nd4 30.Qa2 Nxf3 31.gxf3 Qh4 32.Be1 Qxh2 33.Qxh2 Bxh2 34.
Bf2 Rb8 35.Bd7 Be5 36.Ke2 Bf6 37.Kd3 h5 38.Ke4 g6 39.f4 Kg7 40.f5 g5 41.
Bc6 h4 0-1

[Event "5th Oakham Young Masters"]
[Site "Oakham ENG"]
[Date "1992.03.25"]
[Round "2"]
[White "Gdanski, Jacek"]
[Black "Topakian, Raffi"]
[Result "1/2-1/2"]
[WhiteElo "2435"]
[BlackElo "2255"]
[EventDate "1992.03.24"]
[PlyCount "107"]
[Source "John Saunders"]

1.e4 c5 2.Nf3 Nc6 3.Bb5 g6 4.O-O Bg7 5.c3 Nf6 6.Re1 O-O 7.h3 Qb6 8.Ba4 e5 
9.Bxc6 dxc6 10.Nxe5 Re8 11.Nc4 Qa6 12.Nd6 Re6 13.e5 Ne8 14.Ne4 Rxe5 15.
Nxc5 Qb6 16.Rxe5 Bxe5 17.d4 Bd6 18.Na3 Bf5 19.Nc4 Qb5 20.Nxd6 Nxd6 21.Bf4 
Ne4 22.Nxe4 Bxe4 23.Qd2 Qd3 24.Qe1 Bd5 25.f3 Qf5 26.Bg3 Qd7 27.Qd2 Re8 28.
b3 f6 29.c4 Bf7 30.Rd1 Rd8 31.h4 Qf5 32.Re1 b5 33.Qc3 Rd7 34.Kh2 h6 35.Re4
g5 36.cxb5 Qxb5 37.d5 cxd5 38.Rb4 Qa6 39.Rb8+ Kg7 40.Qc5 Qe6 41.Qd4 Re7 
42.hxg5 hxg5 43.Ra8 Qb6 44.Qxb6 axb6 45.Bf2 b5 46.Bd4 Re6 47.Rd8 g4 48.
fxg4 Re4 49.Bb2 Re2 50.Bc3 Rc2 51.Bd4 Rd2 52.Bc5 Rxa2 53.Rd6 Rd2 54.b4 
1/2-1/2